00594nam a2200169 a 450000100060000000300090000600800410001502000150005604000280007108200190009911000800011824500930019826000450029130000080033650000290034465000510037313506CO-ViMGA141112s2004 ck r 000 u spa d a9589206557 aCO-ViMGAbspacCO-ViMGA04a362.732 C357ce aCentro Nacional de Bolivia de Formacion y Capacitacion de Niños y Jovenes10aCenso de instituciones que atienden niños y adolescentes en situacion de riesgo social aSantafé de Bogotá; Guadalupe, c1995 a285 aConvenio Andres Bello. 14aINSTITUCIONES DE CUIDADOS INFANTILES - BOLIVIA